000 00563nam a2200181Ia 4500
003 GCL
005 20240530102048.0
008 140319s9999 xx 000 0 ara d
040 _aGCL /
_cGCL
082 0 4 _a276.1
_bف ع
100 1 _aعزت ذكى
245 1 0 _aعلم اللاهوت الكتابى الاعلان الالهى فى العهدين القديم والجديد /
_cعزت ذكى
260 _a[S.N] :
_bلا يوجد
650 0 4 _aاليهودية
650 0 4 _aعلم اللاهوت
700 1 _aجرهار دوس فوس
942 _2ddc
_cBK
999 _c29529
_d29529